000 nam a22 a 4500
999 _c383351
_d383351
003 BLK
005 20200819092356.0
008 180410b bul|||||r ||||||| ||bul||
010 _aKNG00162706000
020 _a978-954-9992-33-5
040 _aBLK
041 _aBUL
_cBUL
080 _aФренска литература
_b821.133.1
_x-31
_z821.133.1-31
100 1 _aМориак, Франсоа
_eпърви автор
_999119
139 _aМориак, Франсоа
_bМ 89
245 1 0 _aТерез Дескейру
_cФрансоа Мориак; прев. Донка Меламед.
257 _aFRA
260 _bНар. култура
_c1976
_9209547
_aСофия
_n954-04-
300 _a152 с.
_c17 см
380 _aX
700 1 _aМеламед, Донка
_eпрев.
_9369536
852 _aЦб I 14948
_bЦб
856 4 _qpdf
942 _cKNG
_n0
_s1
944 _aCR
_c2020-08-19
_kРенета Константинова
999 _d155971